000 00273nam a2200133Ia 4500
100 _aKelkar & Desphande
942 _cBK
654 _acalculus
245 _aCalculus
260 _bIdeal Book Service
_aBombay
_c2001
082 _a515
300 _a322
546 _aENGLISH
999 _c31951
_d31951